Producción, recursos y medioambiente en el sudoeste bonaerense : actas de las III Jornadas Interdisciplinarias del Sudoeste Bonaerense, 2 al 4 de septiembre de 2004, Bahía Blanca, Argentina /
Guardado en:
| Autor Corporativo: | |
|---|---|
| Otros Autores: | , |
| Formato: | Libro |
| Idioma: | Spanish |
| Publicado: |
Bahía Blanca :
EdiUNS,
2005.
|
| Materias: | |
| Etiquetas: |
Agregar Etiqueta
Sin Etiquetas, Sea el primero en etiquetar este registro!
|
| LEADER | 01356nam a22002775a 4500 | ||
|---|---|---|---|
| 001 | EEA.libagro009682 | ||
| 005 | 20180417114219.0 | ||
| 008 | 051104s2005####ag#a#####b####100#0#spa#d | ||
| 020 | |a 9871171153 | ||
| 082 | 0 | 4 | |a 338.098212 |
| 111 | 2 | |a Jornadas Interdisciplinarias del Sudoeste Bonaerense |n (3 : |d 2 al 4 de septiembre de 2004 : |c Bahía Blanca, Argentina) | |
| 245 | 1 | 0 | |a Producción, recursos y medioambiente en el sudoeste bonaerense : |b actas de las III Jornadas Interdisciplinarias del Sudoeste Bonaerense, 2 al 4 de septiembre de 2004, Bahía Blanca, Argentina / |c María del Carmen Vaquero, Mabel N. Cernadas de Bulnes (editoras). |
| 260 | |a Bahía Blanca : |b EdiUNS, |c 2005. | ||
| 300 | |a 504 p. : |b il. ; |c 23 cm. | ||
| 500 | |a "Universidad Nacional del Sur, Secretaría General de Comunicación y Cultura, Archivo de la Memoria de la Ciudad de Bahía Blanca". | ||
| 504 | |a Incluye referencias bibliográficas. | ||
| 650 | 7 | |a Recursos naturales. |2 unbist | |
| 650 | 7 | |a Recursos del suelo. |2 unbist | |
| 650 | 7 | |a Recursos animales. |2 unbist | |
| 650 | 7 | |a Hidrología. |2 unbist | |
| 650 | 7 | |a Turismo. |2 unbist | |
| 651 | 0 | |a Bahía Blanca (Argentina) | |
| 653 | |a Buenos Aires (Argentina : Provincia) | ||
| 700 | 1 | |a Vaquero, María del Carmen. | |
| 700 | 1 | |a Cernadas de Bulnes, Mabel Nélida. | |
| 859 | |a AR-BbBCA |b BIB. AGRONOMIA |h 338.098212 |i V286 |p 2007/5124 | ||
